Statistics for Countries of Europe - 5 Minute Sprint

Click here to take the quiz!

General Stats

  • This quiz has been taken 281 times
  • The average score is 40 of 45

Answers on the Map

Answers color-coded by a green-red scale on the quiz's map according to % correct below.
 

Answer Stats

Country% Correct
France
98%
United
Kingdom
98%
Germany
97%
Italy
97%
Sweden
97%
Norway
96%
Russia
96%
Spain
96%
Finland
95%
Ireland
95%
Ukraine
95%
Poland
94%
Portugal
94%
Belgium
93%
Denmark
93%
Austria
92%
Greece
92%
Switzerland
92%
Iceland
91%
Netherlands
91%
Estonia
90%
Latvia
90%
Albania
89%
Belarus
87%
Croatia
87%
Hungary
87%
Lithuania
87%
Slovakia
87%
Romania
86%
Vatican City
86%
Bosnia and
Herzegovina
85%
Luxembourg
85%
Slovenia
85%
Monaco
84%
Andorra
83%
Serbia
83%
Bulgaria
82%
Montenegro
82%
Czech Republic
81%
North
Macedonia
80%
Moldova
77%
Kosovo
76%
Liechtenstein
76%
San Marino
76%
Malta
75%

Score Distribution

Percentile by Number Answered

Percent of People with Each Score

Your Score History

You have not taken this quiz